| 000 | 00516nam a22001697a 4500 | ||
|---|---|---|---|
| 003 | NUST - PNEC | ||
| 005 | 20170116180940.0 | ||
| 008 | 150907b xxu||||| |||| 00| 0 eng d | ||
| 020 | _a0070855129 | ||
| 040 | _cLIBRARY | ||
| 082 | _a621.381 MIL | ||
| 100 |
_98680 _aMillman, Jacob |
||
| 245 |
_aPulse, digital, and switching waveforms; devices and circuits for their generation and processing _cJacob Millman and Herbert Taub |
||
| 260 | _cc.1965 | ||
| 650 |
_98683 _aElectronic circuits _xEL |
||
| 942 |
_2ddc _cBK |
||
| 999 |
_c66133 _d66133 |
||